Вып. 4; Сибирский химический журнал; Известия Сибирского отделения Российской академии наук

Detalles Bibliográficos
Parent link:Сибирский химический журнал.— , 1991-1993.— 0134-2428
Известия Сибирского отделения Российской академии наук: научный журнал/ Академия наук СССР (АН СССР), Сибирское отделение (СО). Вып. 4
Lenguaje:ruso
Publicado: 1991
Formato: MixedMaterials Libro
KOHA link:https://koha.lib.tpu.ru/cgi-bin/koha/opac-detail.pl?biblionumber=532454

MARC

LEADER 00000nam2a2200000 4500
001 532454
005 20231101112917.0
035 |a (RuTPU)RU\TPU\prd\219079 
035 |a RU\TPU\prd\219077 
090 |a 532454 
100 |a 20140429b1991 k y0rusy50 ca 
101 0 |a rus 
102 |a RU 
200 0 |a Вып. 4 
210 |d 1991 
461 1 |0 (RuTPU)RU\TPU\prd\812  |x 0134-2428  |x 0869-2793  |t Сибирский химический журнал  |d 1991-1993 
461 |t Известия Сибирского отделения Российской академии наук  |o научный журнал  |f Академия наук СССР (АН СССР), Сибирское отделение (СО)  |v Вып. 4 
801 0 |a RU  |b 63413507  |c 20010227  |g PSBO 
801 1 |a RU  |b 63413507  |c 20140424 
801 2 |a RU  |b 63413507  |c 20140429  |g RCR 
942 |c BK 
999 |a НТБ_ТПУ  |b НФ  |e -4/20140109  |p П-6249х  |u 0,00  |v 1